Russian and Soviet theatre : (Record no. 11645)

000 -LEADER
fixed length control field 00672cam a22001934a 4500
020 ## - INTERNATIONAL STANDARD BOOK NUMBER
ISBN 0500281955
040 ## - CATALOGING SOURCE
Transcribing agency DLC
041 1# - LANGUAGE CODE
Language code of original and/or intermediate translations of text rus
082 00 - DEWEY DECIMAL CLASSIFICATION NUMBER
Classification number 792 THA 2000 A086 Or.
100 1# - MAIN ENTRY--AUTHOR NAME
Personal name Rudnit︠s︡kiĭ, K.
245 10 - TITLE STATEMENT
Title Russian and Soviet theatre :
Remainder of title tradition and the avant-garde /
260 ## - PUBLICATION, DISTRIBUTION, ETC. (IMPRINT)
Place of publication New York :
Name of publisher Thames & Hudson,
Year of publication 2000.
300 ## - PHYSICAL DESCRIPTION
Number of Pages 320 p. :
Other physical details 457 ill. (64 col.) ;
Dimensions 29 cm.
500 ## - GENERAL NOTE
General note Originally published: Russian & Soviet theatre. London : Thames & Hudson, c1988; United States ed. published: Russian and Soviet theater, 1905-1932. New York : Abrams, c1988.
650 #0 - SUBJECT ADDED ENTRY--TOPICAL TERM
Topical Term Theater
650 #0 - SUBJECT ADDED ENTRY--TOPICAL TERM
Topical Term Theater
700 1# - ADDED ENTRY--PERSONAL NAME
Personal name Milne, Lesley.
942 ## - ADDED ENTRY ELEMENTS (KOHA)
Koha item type សៀវភៅភាសាអង់គ្លេស
952 ## - LOCATION AND ITEM INFORMATION (KOHA)
Withdrawn status [LOCAL, KOHA] 0
Holdings
Permanent Location Date acquired Koha item type Lost status Shelving location Barcode Current Location Full call number
Library Block A2017-08-04សៀវភៅភាសាអង់គ្លេស A086A17570Library Block A792 THA 2000 A086 Or.
មជ្ឈមណ្ឌលឯការនៃសាកលវិទ្យាល័យភូមិន្ទកសិកម្មចំការដូង

Powered by Koha